000 00368nam a2200145Ia 4500
008 150201s2006 xx 000 0 und d
082 _a615
_bP2006K
100 _aKHANNA,N.K.
245 _aPRINCIPLES OF DENTAL PHARMACOLOGY
250 _a2ND
260 _bC.B.S PUBLISHERS & DISTRIBUTERS
_aDELHI
_c2006
300 _a1-387
650 _aPHARMACOLOGY
942 _2ddc
_cBK
999 _c3500
_d3500